[Event "POL-chT 2nd League Juniors 2020"]
[Site "Sypniewo"]
[Date "2020.10.29"]
[Round "8.16"]
[White "Karaszewski, Gabriel"]
[Black "Oles, Mateusz"]
[Result "1-0"]
[WhiteElo "1614"]
[BlackElo "1029"]
[Annotator "NA RC"]
[PlyCount "93"]
[EventDate "2020.10.23"]
[EventType "team-tourn"]
[EventCountry "POL"]
[SourceTitle "playchess.com"]
[Source "ChessBase"]
[SourceQuality "1"]
[TimeControl "5400+30"]

1. e4 {[%emt 0:00:00]} c5 {[%emt 0:00:00]} 2. Nf3 {[%emt 0:00:00]} g6 {[%emt 0:00:00]} 3. c4 {[%emt 0:00:00]} Nf6 {[%emt 0:01:44]} 4. Nc3 {[%emt 0:00:00]} Bg7 {[%emt 0:00:32]} 5. d4 {[%emt 0:00:00]} cxd4 {[%emt 0:00:10]} 6. Nxd4 {[%emt 0:00:00]} Nc6 {[%emt 0:00:47]} 7. Be3 {[%emt 0:00:00]} O-O {[%emt 0:01:17]} 8. Be2 {[%emt 0:00:00]} e6 {[%emt 0:00:45]} 9. O-O {[%emt 0:00:00]} d5 {[%emt 0:00:50]} 10. exd5 {[%emt 0:00:31]} exd5 {[%emt 0:00:11]} 11. Nxc6 {[%emt 0:00:22]} bxc6 {[%emt 0:00:13]} 12. cxd5 {[%emt 0:00:04]} cxd5 {[%emt 0:04:31]} 13. Bb5 Qd6 {[%emt 0:04:30]} 14. h3 {[%emt 0:16:32]} Rd8 {[%emt 0:01:29]} 15. Bd4 {[%emt 0:05:31]} a6 {[%emt 0:03:30]} 16. Ba4 {[%emt 0:03:09]} Bf5 {[%emt 0:06:13]} 17. Re1 {[%emt 0:02:40]} Ne4 {[%emt 0:13:56]} 18. Bxg7 {[%emt 0:01:01]} Kxg7 {[%emt 0:00:16]} 19. Nxe4 {[%emt 0:02:21]} Bxe4 {[%emt 0:01:42]} 20. Qd4+ {[%emt 0:00:19]} f6 {[%emt 0:01:20]} 21. Rad1 {[%emt 0:00:27]} Rac8 {[%emt 0:02:12]} 22. Rxe4 {[%emt 0:01:08]} Qf8 {[%emt 0:11:55]} 23. Qa7+ {[%emt 0:01:30]} Kh8 {[%emt 0:04:58]} 24. Re7 {[%emt 0:02:21]} Qg8 {[%emt 0:03:53]} 25. Qxa6 {[%emt 0:00:39]} Qf8 {[%emt 0:01:08]} 26. Qe6 {[%emt 0:00:33]} f5 {[%emt 0:05:25]} 27. Re1 {[%emt 0:02:09]} Ra8 {[%emt 0:03:35]} 28. Re8 {[%emt 0:00:57]} Rxe8 {[%emt 0:00:31]} 29. Qxe8 {[%emt 0:00:06]} Qxe8 {[%emt 0:00:53]} 30. Rxe8+ {[%emt 0:00:04]} Rxe8 {[%emt 0:00:08]} 31. Bxe8 {[%emt 0:00:06]} Kg7 {[%emt 0:00:04]} 32. f4 {[%emt 0:00:26]} Kf6 {[%emt 0:00:06]} 33. Kf2 {[%emt 0:00:16]} Ke6 {[%emt 0:00:08]} 34. Ke3 {[%emt 0:00:06]} Ke7 {[%emt 0:00:28]} 35. Bc6 {[%emt 0:00:26]} Kd6 {[%emt 0:00:09]} 36. Bxd5 {[%emt 0:00:23]} Kxd5 {[%emt 0:00:11]} 37. a4 {[%emt 0:00:14]} Kc5 {[%emt 0:00:25]} 38. a5 {[%emt 0:00:08]} h6 {[%emt 0:00:27]} 39. b4+ {[%emt 0:00:07]} Kd5 {[%emt 0:00:39]} 40. a6 {[%emt 0:00:05]} Kc6 {[%emt 0:00:09]} 41. b5+ {[%emt 0:00:05]} Kb6 {[%emt 0:00:17]} 42. Kd4 {[%emt 0:00:05]} g5 {[%emt 0:00:35]} 43. fxg5 {[%emt 0:00:05]} hxg5 {[%emt 0:00:05]} 44. Ke5 {[%emt 0:00:04]} g4 {[%emt 0:00:37]} 45. Kxf5 {[%emt 0:00:07]} gxh3 {[%emt 0:00:11]} 46. gxh3 {[%emt 0:00:04]} Kxb5 {[%emt 0:00:14]} 47. a7 {[%emt 0:00:05]} 1-0

[Event "POL-chT 2nd League Juniors 2020"]
[Site "Sypniewo"]
[Date "2020.10.29"]
[Round "8.17"]
[White "Seemann, Pola"]
[Black "Lascar, Maria Elena"]
[Result "1-0"]
[WhiteElo "1566"]
[BlackElo "1552"]
[Annotator "NA RC"]
[PlyCount "61"]
[EventDate "2020.10.23"]
[EventType "team-tourn"]
[EventCountry "POL"]
[SourceTitle "playchess.com"]
[Source "ChessBase"]
[SourceQuality "1"]
[TimeControl "5400+30"]

1. e4 {[%emt 0:00:00]} c5 {[%emt 0:00:00]} 2. Nc3 {[%emt 0:00:00]} a6 {[%emt 0:01:17]} 3. g3 {[%emt 0:00:00]} b5 {[%emt 0:01:18]} 4. Bg2 {[%emt 0:00:00]} Bb7 {[%emt 0:00:06]} 5. d3 {[%emt 0:00:02]} g6 {[%emt 0:01:30]} 6. f4 {[%emt 0:01:15]} Bg7 {[%emt 0:00:21]} 7. Nh3 {[%emt 0:00:48]} e6 {[%emt 0:01:16]} 8. O-O {[%emt 0:01:32]} Ne7 {[%emt 0:08:09]} 9. Qe2 O-O {[%emt 0:09:46]} 10. f5 {[%emt 0:09:00]} f6 {[%emt 0:02:13]} 11. fxe6 {[%emt 0:06:31]} dxe6 {[%emt 0:01:18]} 12. Nf4 {[%emt 0:00:22]} Qd4+ {[%emt 0:09:48]} 13. Be3 {[%emt 0:06:37]} Qe5 {[%emt 0:00:07]} 14. Qf2 {[%emt 0:00:52]} Nbc6 {[%emt 0:16:11]} 15. Bxc5 {[%emt 0:02:45]} Rad8 {[%emt 0:12:18]} 16. Rad1 {[%emt 0:01:30]} f5 {[%emt 0:09:25]} 17. exf5 {[%emt 0:01:06]} exf5 {[%emt 0:05:54]} 18. Rfe1 {[%emt 0:01:46]} Qxc5 {[%emt 0:01:35]} 19. Qxc5 {[%emt 0:00:11]} Bd4+ {[%emt 0:00:04]} 20. Qxd4 {[%emt 0:00:10]} Nxd4 {[%emt 0:00:28]} 21. Bxb7 {[%emt 0:00:33]} Rd7 {[%emt 0:00:13]} 22. Bg2 {[%emt 0:02:37]} Nxc2 {[%emt 0:01:07]} 23. Re5 {[%emt 0:08:06]} g5 {[%emt 0:01:59]} 24. Ne6 {[%emt 0:00:46]} Rf6 {[%emt 0:00:56]} 25. Nxg5 {[%emt 0:00:43]} h6 {[%emt 0:01:33]} 26. Ne6 {[%emt 0:02:06]} Ng6 {[%emt 0:00:40]} 27. Re2 {[%emt 0:00:35]} Nb4 {[%emt 0:00:18]} 28. d4 {[%emt 0:01:19]} Kf7 {[%emt 0:02:38]} 29. d5 {[%emt 0:02:07]} a5 {[%emt 0:03:41]} 30. a3 {[%emt 0:00:46]} Na6 {[%emt 0:00:05]} 31. Nxb5 {[%emt 0:00:11]} 1-0

[Event "POL-chT 2nd League Juniors 2020"]
[Site "Sypniewo"]
[Date "2020.10.29"]
[Round "8.19"]
[White "Zerebiec, Maurycy"]
[Black "Twardowski, Hubert"]
[Result "1/2-1/2"]
[WhiteElo "1917"]
[BlackElo "1912"]
[Annotator "TA"]
[PlyCount "71"]
[EventDate "2020.10.23"]
[EventType "team-tourn"]
[EventCountry "POL"]
[SourceTitle "playchess.com"]
[Source "ChessBase"]
[SourceQuality "1"]

{[%evp 9,71,-12,16,-49,5,-23,-15,-33,-37,-33,-20,-26,-20,-25,0,0,0,0,0,0,0,0,0,0,0,-14,-11,-16,-6,-14,-2,-14,0,-70,-70,-70,-70,-70,-70,-78,-82,-114,-70,-124,-88,-81,-70,-85,-54,-65,-65,-87,-87,-87,-25,-25,-25,-25,-25,-25,-25,-25,-32,-25]} 1. f4 d5 2. Nf3 c5 3. e3 Nf6 4. d4 Nc6 5. c3 Bf5 6. Bd3 {A03: Bird's Opening with 1...d5.} (6. dxc5 $11 Ne4 7. Bb5) 6... Ne4 (6... Bxd3 $15 7. Qxd3 e6) 7. O-O e6 8. Qe2 {[#] The position is equal.} Be7 $146 ({Predecessor:} 8... c4 9. Bc2 Be7 10. Nbd2 Nxd2 11. Qxd2 Bxc2 12. Qxc2 h6 13. e4 dxe4 14. Qxe4 Qd5 {½-½ (48) Ondas,M (1787)-Papp,L (1867) Slovakia 2006}) 9. Nbd2 Nxd2 10. Bxd2 Bxd3 11. Qxd3 c4 12. Qc2 f5 13. b3 b5 14. bxc4 bxc4 15. Qa4 Qd7 16. Rfb1 O-O 17. Rb2 Rfb8 18. Rab1 Rxb2 19. Rxb2 Bd6 20. Bc1 Rb8 21. Kf2 (21. Rxb8+ $11 Nxb8 22. Qa5) 21... Rxb2+ $15 22. Bxb2 Ne5 $1 $36 {[%cal Re5d3][%mdl 2048] Black has the initiative.} 23. Qxd7 Nxd7 {[%mdl 4096] Endgame KBN-KBN} 24. Ke2 h6 25. h3 Kf7 26. Nd2 (26. Ne5+ $15 Nxe5 27. fxe5) 26... Nb6 27. Kd1 Ke7 28. Kc2 Kd7 29. Nb1 Kc6 30. Ba3 Bxa3 31. Nxa3 $17 {KN-KN} a6 (31... Nd7 $17) 32. Nb1 $1 $11 Nd7 33. Nd2 Nf6 34. Nf3 $1 Ne4 35. Ne5+ $1 Kd6 36. Nf7+ {Av CentiPawn Loss W=-11/B=-10. Weighted=-12/-12} 1/2-1/2

[Event "POL-chT 2nd League Juniors 2020"]
[Site "Sypniewo"]
[Date "2020.10.29"]
[Round "8.20"]
[White "Malek, Jan"]
[Black "Topola, Rafal"]
[Result "1/2-1/2"]
[WhiteElo "1941"]
[BlackElo "1827"]
[Annotator "TA"]
[PlyCount "61"]
[EventDate "2020.10.23"]
[EventType "team-tourn"]
[EventCountry "POL"]
[SourceTitle "playchess.com"]
[Source "ChessBase"]
[SourceQuality "1"]

{[%evp 12,61,0,0,56,19,42,50,43,22,37,19,51,14,34,41,40,42,39,41,41,0,68,15,44,8,60,57,80,80,80,78,80,80,80,76,89,7,6,6,6,6,8,8,10,0,0,0,0,0,1,0]} 1. d4 d5 2. Nf3 e6 3. Bf4 Nf6 4. Nbd2 c5 5. e3 Nc6 6. c3 Be7 7. h3 Qb6 {D02: 1 d4 d5 2 Nf3 sidelines, including 2...Nf6 3 g3 and 2...Nf6 3 Bf4.} ({Black should play} 7... O-O $11) 8. Qb3 Qxb3 9. axb3 O-O {White is slightly better.} 10. Bd3 Bd7 {[#]} 11. Ke2 $146 ({Predecessor:} 11. O-O a6 12. Ne5 Nxe5 13. Bxe5 Rac8 14. Nf3 Rfd8 15. Rfd1 Ne8 16. dxc5 Bxc5 17. b4 {½-½ (44) Terbe,J (2263)-Torma,R (2484) Hungary 2018}) 11... Rfe8 12. Ra2 Bf8 13. Rha1 a6 14. Ne5 Nxe5 15. Bxe5 Rac8 16. Ra5 Rc6 (16... cxd4 $11 17. exd4 Be7) 17. Nf3 (17. dxc5 $14 Rxc5 18. Rxc5 Bxc5 19. b4) 17... Rec8 18. Kd1 Rb6 (18... Ne4 $11) 19. dxc5 $14 Rxc5 20. Rxc5 Bxc5 21. b4 Bd6 22. Bd4 Rc6 23. b5 axb5 24. Ra7 (24. Bxf6 $1 $16 {Hoping for Ne5.} gxf6 25. Bxb5) 24... Ra6 $11 {The position is equal.} 25. Rxb7 Bc6 $1 {[%cal Rc6b7]} 26. Rb6 Rxb6 27. Bxb6 e5 28. Nd2 Nd7 29. Ba5 Nc5 30. Be2 Kf8 31. Bb4 {Av CentiPawn Loss W=-14/B=-13. Weighted=-16/-14} 1/2-1/2

[Event "POL-chT 2nd League Juniors 2020"]
[Site "Sypniewo"]
[Date "2020.10.29"]
[Round "8.21"]
[White "Nowak, Filip"]
[Black "Trzebinski, Patryk"]
[Result "0-1"]
[WhiteElo "1871"]
[BlackElo "1837"]
[Annotator "NA RC"]
[PlyCount "96"]
[EventDate "2020.10.23"]
[EventType "team-tourn"]
[EventCountry "POL"]
[SourceTitle "playchess.com"]
[Source "ChessBase"]
[SourceQuality "1"]
[TimeControl "5400+30"]

1. e4 {[%emt 0:00:00]} d5 {[%emt 0:00:00]} 2. exd5 {[%emt 0:00:00]} Nf6 {[%emt 0:00:00]} 3. d4 {[%emt 0:01:12]} Nxd5 {[%emt 0:00:01]} 4. Nf3 {[%emt 0:00:07]} Bg4 {[%emt 0:00:09]} 5. h3 {[%emt 0:00:24]} Bh5 {[%emt 0:01:04]} 6. c4 {[%emt 0:00:48]} Nb6 {[%emt 0:00:05]} 7. Be3 {[%emt 0:04:11] B01: Scandinavian Defence.} e6 {[%emt 0:02:07]} 8. Nc3 {[%emt 0:02:35]} Nc6 {[%emt 0:00:20]} 9. g4 {[%emt 0:02:23]} Bg6 {[%emt 0:00:06] [#]} 10. b3 $146 {[%emt 0:00:37]} ({Predecessor:} 10. a3 Be7 11. d5 exd5 12. cxd5 Nb8 13. h4 h5 14. Ne5 Bh7 15. Bb5+ N6d7 16. g5 {0-1 (90) Oswald,G (2178)-Jaunooby,A (2189) Blackpool 2012}) 10... Ba3 {[%emt 0:01:24]} 11. Bc1 {[%emt 0:08:03]} Bb4 {[%emt 0:01:50]} 12. Bb2 {[%emt 0:11:01]} Be4 {[%emt 0:04:01]} 13. Be2 {[%emt 0:01:38]} Qf6 {[%emt 0:06:07]} 14. O-O {[%emt 0:09:12]} Bxc3 $1 {[%emt 0:00:13]} 15. Bxc3 {[%emt 0:00:22]} O-O-O {[%emt 0:00:42]} 16. Ne5 {[%emt 0:07:42]} Nxe5 {[%emt 0:03:04]} 17. dxe5 {[%emt 0:00:55]} Qh4 {[%emt 0:02:50]} 18. Qc1 {[%emt 0:04:48]} Qxh3 {[%emt 0:01:25]} 19. f3 {[%emt 0:00:23]} h5 {[%emt 0:02:49]} 20. g5 {[%emt 0:04:54]} Bd3 {[%emt 0:01:55]} 21. Qe3 {[%emt 0:03:08]} Qg3+ {[%emt 0:00:28]} 22. Kh1 {[%emt 0:00:01]} Qh4+ {[%emt 0:00:23]} 23. Kg1 {[%emt 0:00:45]} Bxe2 {[%emt 0:00:06]} 24. Qxe2 {[%emt 0:00:04]} Qxg5+ {[%emt 0:00:06]} 25. Kh1 {[%emt 0:03:31]} Qh4+ {[%emt 0:01:27]} 26. Kg1 {[%emt 0:00:19]} Qg3+ {[%emt 0:02:23]} 27. Kh1 {[%emt 0:00:44]} Qh3+ {[%emt 0:00:06]} 28. Kg1 {[%emt 0:00:04]} Rh6 {[%emt 0:00:07]} 29. Rf2 {[%emt 0:00:33]} Rg6+ {[%emt 0:00:19]} 30. Rg2 {[%emt 0:00:06]} Rxg2+ {[%emt 0:00:07]} 31. Qxg2 {[%emt 0:00:02]} Qxg2+ {[%emt 0:00:12]} 32. Kxg2 {[%emt 0:00:01]} Rd3 {[%emt 0:00:14]} 33. Bb4 {[%emt 0:00:13]} Nd7 {[%emt 0:01:26]} 34. f4 {[%emt 0:00:32]} c5 {[%emt 0:04:17]} 35. Be1 {[%emt 0:00:32] [#]} g5 $1 {[%emt 0:01:33]} 36. fxg5 {[%emt 0:00:51]} Nxe5 {[%emt 0:00:10]} 37. Bg3 {[%emt 0:00:18]} Ng6 {[%emt 0:00:34]} 38. Rf1 {[%emt 0:00:49]} h4 $19 {[%emt 0:00:26]} 39. Be1 {[%emt 0:00:40]} h3+ {[%emt 0:01:09]} 40. Kh2 {[%emt 0:00:39]} Ne5 {[%emt 0:00:18]} 41. Bg3 {[%emt 0:00:35]} Nf3+ {[%emt 0:00:26]} 42. Kxh3 {[%emt 0:00:10]} Nxg5+ {[%emt 0:00:11]} 43. Kg4 {[%emt 0:00:25]} f5+ {[%emt 0:00:45]} 44. Kxg5 {[%emt 0:00:44]} Rxg3+ {[%emt 0:00:06]} 45. Kf6 {[%emt 0:00:14]} Re3 {[%emt 0:01:34]} 46. Rh1 {[%emt 0:00:19]} Kd7 {[%emt 0:01:23]} 47. Rh7+ {[%emt 0:00:06]} Kc6 {[%emt 0:00:05]} 48. Rh8 {[%emt 0:00:21]} f4 {[%emt 0:01:20]} 0-1

[Event "POL-chT 2nd League Juniors 2020"]
[Site "Sypniewo"]
[Date "2020.10.29"]
[Round "8.22"]
[White "Malinowski, Szymon"]
[Black "Zimny, Jakub"]
[Result "1-0"]
[WhiteElo "1740"]
[BlackElo "1569"]
[Annotator "NA RC"]
[PlyCount "85"]
[EventDate "2020.10.23"]
[EventType "team-tourn"]
[EventCountry "POL"]
[SourceTitle "playchess.com"]
[Source "ChessBase"]
[SourceQuality "1"]
[TimeControl "5400+30"]

1. d4 {[%emt 0:00:00]} Nf6 {[%emt 0:00:00]} 2. Nf3 {[%emt 0:00:03]} d5 {[%emt 0:00:12]} 3. Bf4 {[%emt 0:00:27]} c5 {[%emt 0:00:34]} 4. c3 {[%emt 0:00:15]} Nc6 {[%emt 0:00:48]} 5. e3 {[%emt 0:00:27]} Qb6 {[%emt 0:00:52]} 6. Qc2 {[%emt 0:00:26]} Nh5 {[%emt 0:01:04]} 7. Bg3 {[%emt 0:00:34]} g6 {[%emt 0:01:25]} 8. Nbd2 {[%emt 0:01:25]} Bf5 {[%emt 0:00:46]} 9. Bd3 {[%emt 0:00:12]} Bxd3 {[%emt 0:07:22]} 10. Qxd3 {[%emt 0:00:08]} Nxg3 {[%emt 0:04:46]} 11. hxg3 {[%emt 0:00:14]} Qxb2 {[%emt 0:01:03]} 12. Rb1 {[%emt 0:00:17]} Qxa2 {[%emt 0:00:07]} 13. Rxb7 {[%emt 0:01:01]} c4 {[%emt 0:00:39]} 14. Qe2 Qa6 {[%emt 0:03:15]} 15. Rb1 {[%emt 0:02:07]} e6 {[%emt 0:05:46]} 16. e4 {[%emt 0:01:33]} Be7 {[%emt 0:00:17]} 17. Qe3 {[%emt 0:01:20]} Rb8 {[%emt 0:07:55]} 18. O-O {[%emt 0:04:58]} Rxb1 {[%emt 0:01:45]} 19. Rxb1 {[%emt 0:01:28]} O-O {[%emt 0:00:12]} 20. exd5 {[%emt 0:02:39]} exd5 {[%emt 0:00:37]} 21. Ne5 {[%emt 0:00:57]} Rb8 {[%emt 0:05:27]} 22. Rxb8+ {[%emt 0:01:15]} Nxb8 {[%emt 0:00:24]} 23. Nxg6 {[%emt 0:00:08]} Qxg6 {[%emt 0:03:10]} 24. Qxe7 {[%emt 0:00:37]} Nc6 {[%emt 0:00:33]} 25. Qe8+ {[%emt 0:01:28]} Kg7 {[%emt 0:00:09]} 26. Nf3 {[%emt 0:00:09]} Qe6 {[%emt 0:00:36]} 27. Qa8 {[%emt 0:01:05]} h6 {[%emt 0:02:53]} 28. Qb7 {[%emt 0:01:06]} a6 {[%emt 0:03:06]} 29. g4 {[%emt 0:07:51]} Na5 {[%emt 0:02:32]} 30. Qc7 {[%emt 0:02:06]} Nb3 {[%emt 0:00:13]} 31. Ne5 {[%emt 0:02:15]} a5 {[%emt 0:06:35]} 32. f4 {[%emt 0:00:40]} a4 {[%emt 0:03:32]} 33. Qa7 {[%emt 0:01:08]} Qe8 {[%emt 0:00:50]} 34. g5 {[%emt 0:00:35]} hxg5 {[%emt 0:00:37]} 35. fxg5 {[%emt 0:00:10]} Kg8 {[%emt 0:00:43]} 36. Kh2 {[%emt 0:05:29]} Nd2 {[%emt 0:00:33]} 37. Ng4 {[%emt 0:02:07]} Qe1 {[%emt 0:03:23]} 38. Nh6+ {[%emt 0:00:46]} Kh8 {[%emt 0:00:53]} 39. Nxf7+ {[%emt 0:00:08]} Kg7 {[%emt 0:01:46]} 40. Ne5+ {[%emt 0:00:12]} Kh8 {[%emt 0:00:12]} 41. Qb8+ {[%emt 0:00:22]} Kg7 {[%emt 0:00:20]} 42. Qc7+ {[%emt 0:00:12]} Kh8 {[%emt 0:00:15]} 43. Qd8+ {[%emt 0:00:11]} 1-0

[Event "POL-chT 2nd League Juniors 2020"]
[Site "Sypniewo"]
[Date "2020.10.29"]
[Round "8.23"]
[White "Jedrzejko, Martyna"]
[Black "Filipska, Maja"]
[Result "1-0"]
[WhiteElo "1618"]
[BlackElo "1849"]
[Annotator "NA RC"]
[PlyCount "59"]
[EventDate "2020.10.23"]
[EventType "team-tourn"]
[EventCountry "POL"]
[SourceTitle "playchess.com"]
[Source "ChessBase"]
[SourceQuality "1"]
[TimeControl "5400+30"]

1. e4 {[%emt 0:00:00]} c5 {[%emt 0:00:00]} 2. Nf3 {[%emt 0:00:00]} g6 {[%emt 0:00:00]} 3. d4 {[%emt 0:00:00]} cxd4 {[%emt 0:00:00]} 4. Nxd4 {[%emt 0:00:01]} Bg7 {[%emt 0:00:00]} 5. c4 {[%emt 0:00:24]} Nc6 {[%emt 0:00:01]} 6. Be3 {[%emt 0:00:33]} Nf6 {[%emt 0:00:51]} 7. Nc3 {[%emt 0:00:23]} O-O {[%emt 0:00:30]} 8. Be2 {[%emt 0:00:47]} Nxd4 {[%emt 0:01:29]} 9. Bxd4 {[%emt 0:00:16]} d6 {[%emt 0:00:16]} 10. O-O {[%emt 0:01:14]} Bd7 {[%emt 0:02:34]} 11. f3 {[%emt 0:01:48]} Bc6 {[%emt 0:02:27]} 12. Qd2 {[%emt 0:01:58]} Qa5 {[%emt 0:03:22]} 13. a3 {[%emt 0:02:46] B38: Sicilian: Maroczy Bind with 5...Bg7 and 7...0-0.} Rfc8 {[%emt 0:06:14]} 14. b4 {[%emt 0:02:42]} Qc7 {[%emt 0:06:54]} 15. Rac1 {[%emt 0:03:02] [#]} b6 $146 {[%emt 0:04:11]} ({Predecessor:} 15... Qd8 16. Nd5 Ne8 17. f4 e6 18. Nc3 e5 19. Bf2 exf4 20. Qxf4 Be5 21. Qe3 Ng7 {1-0 (41) Dzwonkowski,A (2013)-Sveinsson,J (1958) IECC email 2001}) 16. Rc2 {[%emt 0:14:08]} Nd7 {[%emt 0:11:54]} 17. Bxg7 {[%emt 0:01:41]} Kxg7 {[%emt 0:00:01]} 18. Rfc1 {[%emt 0:06:45]} a5 {[%emt 0:09:39]} 19. Nd5 {[%emt 0:02:59]} Bxd5 {[%emt 0:01:42]} (19... Qd8 $11 {remains equal.}) 20. cxd5 {[%emt 0:00:17]} Qb7 {[%emt 0:00:24] [#]} (20... Qd8 $14) 21. Rc6 $1 {[%emt 0:01:37]} axb4 {[%emt 0:05:03]} 22. axb4 {[%emt 0:00:30]} ({Don't take} 22. Qxb4 $6 Nc5 $14) 22... Ne5 $2 {[%emt 0:13:36]} (22... Nf6 $16 23. Qc3 Rxc6 24. dxc6 Qc7) 23. Qc3 $18 {[%emt 0:02:17]} Ra2 {[%emt 0:08:56]} 24. Rxc8 {[%emt 0:01:19]} Rxe2 {[%emt 0:00:13]} 25. f4 {[%emt 0:02:00]} Rxe4 {[%emt 0:00:19]} 26. fxe5 {[%emt 0:00:27]} dxe5 {[%emt 0:01:24]} 27. Qc6 {[%emt 0:05:02]} Qa6 {[%emt 0:01:50]} 28. d6 {[%emt 0:05:38]} Qe2 {[%emt 0:00:49]} 29. Qxe4 {[%emt 0:02:10]} Qxe4 {[%emt 0:00:10]} 30. dxe7 {[%emt 0:00:07]} 1-0

[Event "POL-chT 2nd League Juniors 2020"]
[Site "Sypniewo"]
[Date "2020.10.30"]
[Round "9.1"]
[White "Gardian, Adam"]
[Black "Zerebiec, Maurycy"]
[Result "1/2-1/2"]
[WhiteElo "1859"]
[BlackElo "1917"]
[Annotator "TA"]
[PlyCount "42"]
[EventDate "2020.10.23"]
[EventType "team-tourn"]
[EventCountry "POL"]
[SourceTitle "playchess.com"]
[Source "ChessBase"]
[SourceQuality "1"]

{[%evp 13,42,-16,-13,-12,-11,-15,-11,-12,14,0,49,50,69,16,47,16,21,11,27,9,37,29,47,0,0,0,71,0,16,0,62]} 1. e4 e6 2. Qe2 c5 3. g3 Nc6 4. Nf3 g6 5. Bg2 Bg7 6. O-O Nge7 7. c3 O-O 8. Na3 {C00: French: Unusual White 2nd moves.} e5 9. d3 d6 10. Nc2 Bg4 11. Ne3 Bxf3 12. Bxf3 {[#]} f5 $146 ({Predecessor:} 12... b5 13. Bg2 b4 14. f4 bxc3 15. bxc3 exf4 16. gxf4 Bxc3 17. Rb1 Rb8 18. Rxb8 Qxb8 {½-½ (29) Rhodes,G-Holmes,H Hastings/ East Sussex 1965}) 13. a4 (13. exf5 $14 Nxf5 14. Nxf5 Rxf5 15. Bd5+ Kh8 16. Qg4) 13... Qd7 14. b3 Rad8 15. Bb2 b6 16. Rfd1 Qe6 17. Nd5 Qd7 18. Ne3 Qe6 19. Nd5 (19. exf5 $11 gxf5 20. Rab1) 19... Qd7 $16 20. Ne3 ({White should play} 20. Nxe7+ $16 Nxe7 21. a5) 20... Qe6 $11 21. Nd5 Qd7 {Av CentiPawn Loss W=-8/B=-24. Weighted=-12/-26} 1/2-1/2

[Event "POL-chT 2nd League Juniors 2020"]
[Site "Sypniewo"]
[Date "2020.10.30"]
[Round "9.2"]
[White "Kolodziejski, Piotr"]
[Black "Malek, Jan"]
[Result "0-1"]
[WhiteElo "1905"]
[BlackElo "1941"]
[Annotator "TA"]
[PlyCount "80"]
[EventDate "2020.10.23"]
[EventType "team-tourn"]
[EventCountry "POL"]
[SourceTitle "playchess.com"]
[Source "ChessBase"]
[SourceQuality "1"]

{[%evp 13,80,29,70,20,26,0,0,0,0,-28,0,0,0,0,0,0,23,0,0,-9,12,0,14,0,22,0,0,0,0,0,0,-181,-169,-172,-52,-54,-54,-54,-51,-63,-52,-244,258,237,277,-103,758,739,870,860,710,208,240,158,227,-28,-25,-434,-420,-450,-447,-485,-481,-607,-597,-647,-605,-29991,-29992]} 1. e4 d5 2. exd5 Nf6 3. Nf3 Nxd5 4. d4 Bg4 5. Be2 e6 6. O-O Be7 7. c4 Nb6 $1 8. c5 {B01: Scandinavian Defence.} Nd5 {[#]} 9. Ne5 $146 ({Predecessor:} 9. Nc3 c6 10. Nxd5 exd5 11. Bf4 O-O 12. h3 Bh5 13. Re1 Nd7 14. Ne5 Bxe2 15. Qxe2 {½-½ (23) Bilguun,S-Cuhendi,S Singapore 2008}) 9... Bxe2 10. Qxe2 {The position is equal.} O-O 11. Nd2 c6 12. Ne4 Nd7 13. Bd2 N7f6 14. Ng3 a5 15. f4 g6 16. a3 a4 17. Qd3 Nc7 18. Rad1 Nb5 19. Bc3 Qd5 20. Rf3 Rad8 21. Kh1 Nd7 22. Nc4 $2 {[#]} (22. Ng4 $11) 22... Nxc5 $1 $19 {[%mdl 512]} 23. Qe2 (23. dxc5 Qxc5) 23... Nxc3 (23... Nb3 $19 {[%cal Rb3d4]} 24. Nb6 Qd6 25. Nxa4 N5xd4 26. Bxd4 Nxd4) 24. bxc3 $15 Nd7 $1 25. Ne3 $1 {[%cal Re3d5]} Qb3 26. f5 Bxa3 27. f6 $2 {[#]} ({White should play} 27. c4 $15 Qb2 28. Nc2) 27... Bd6 $4 {[%mdl 8192]} (27... Rfe8 $1 $19 {Strongly threatening ...e5.} 28. c4 Bf8) 28. Ne4 $18 Bc7 29. Nc2 $2 ({Better is} 29. Qd2 $18) 29... a3 $2 {[%mdl 8192]} (29... Qb5 $17 30. Qxb5 cxb5) 30. Qd2 {Threatening mate with Qh6.} Nxf6 31. Nxf6+ Kg7 32. Na1 $2 (32. Rdf1 Qb5 33. Nxa3) 32... Qb5 33. Rdf1 ({Not} 33. Ng4 f5 $11) (33. Nc2 Bd6) 33... h6 (33... Be5 $16 {might work better.}) 34. Ne4 $2 ({Less strong is} 34. Ng4 Qg5 $14) (34. Nc2 $18) 34... f5 $40 {[%mdl 128] Black has some attack.} 35. Nc5 $2 {[%mdl 8192] [#]} (35. Ng3 $11) 35... Qxc5 $1 $19 {[%mdl 576] Pin} 36. Rh3 (36. dxc5 Rxd2) 36... f4 37. Qe2 Qf5 38. g4 Qd5+ 39. Kg1 e5 {White must now prevent ...e4.} 40. dxe5 Bb6+ {Never resign too early! Av CentiPawn Loss W=-105/B=-55. Weighted=-150/-94} 0-1